[Event "Split op"]
[Site "Split CRO"]
[Date "2024.08.04"]
[Round "2.1"]
[White "Mimica, Matija"]
[Black "Hansen, Eric"]
[Result "0-1"]
[WhiteElo "2063"]
[BlackElo "2610"]
[PlyCount "78"]
[GameId "2130307540503946"]
[EventDate "2024.08.03"]
[EventType "swiss"]
[EventRounds "10"]
[EventCountry "CRO"]
[SourceTitle "10 Days #768"]
[Source "ChessMix"]
[SourceDate "2024.08.20"]
[SourceVersion "1"]
[SourceVersionDate "2024.08.20"]
[SourceQuality "1"]

1. e4 c5 2. Nf3 e6 3. d4 cxd4 4. Nxd4 a6 5. Nc3 Qc7 6. Qf3 Nf6 7. Be2 d6 8. Be3 Nbd7 9. O-O-O b6 10. g4 h6 11. h4 h5 12. g5 Ng4 13. Qg3 g6 14. f4 Bb7 15. Bxg4 hxg4 16. Qxg4 Nc5 17. Rhe1 b5 18. f5 b4 19. Nce2 e5 20. fxg6 Rc8 21. gxf7+ Qxf7 22. Nb3 Nxe4 23. Kb1 Qd7 24. Qxd7+ Kxd7 25. Rh1 Be7 26. Rdf1 Rcg8 27. Rh2 Nxg5 28. Bxg5 Rxg5 29. c3 bxc3 30. Nxc3 Rgh5 31. Rd1 Ke6 32. Rg1 Rxh4 33. Rxh4 Bxh4 34. Rg7 Be7 35. Rg4 Rh1+ 36. Kc2 Rh2+ 37. Nd2 d5 38. Rg6+ Bf6 39. Kd1 e4 0-1

[Event "Split op"]
[Site "Split CRO"]
[Date "2024.08.04"]
[Round "3.1"]
[White "Hansen, Eric"]
[Black "Nomindalai, Tumurbaatar"]
[Result "1-0"]
[WhiteElo "2610"]
[BlackElo "2189"]
[PlyCount "89"]
[GameId "2130307540503970"]
[EventDate "2024.08.03"]
[EventType "swiss"]
[EventRounds "10"]
[EventCountry "CRO"]
[SourceTitle "10 Days #768"]
[Source "ChessMix"]
[SourceDate "2024.08.20"]
[SourceVersion "1"]
[SourceVersionDate "2024.08.20"]
[SourceQuality "1"]

1. d4 d6 2. Nf3 Nf6 3. c4 g6 4. Nc3 Bg7 5. e4 O-O 6. h3 c5 7. d5 e6 8. Bd3 exd5 9. cxd5 b6 10. O-O Ba6 11. Bf4 Re8 12. Re1 Nh5 13. Bh2 c4 14. Bf1 b5 15. Qc2 Qb6 16. e5 dxe5 17. Nxe5 Nf6 18. a4 b4 19. Nb5 Bxb5 20. axb5 Nbd7 21. Nxc4 Qc5 22. Bd3 Nxd5 23. Qb3 Qd4 24. Bf1 N7b6 25. Red1 Qf6 26. Ra6 Re6 27. Bg3 Bf8 28. Na5 h5 29. h4 Ne7 30. Nc4 Nf5 31. Nxb6 Rxb6 32. Rd7 Rxa6 33. bxa6 Bc5 34. Rxf7 Qxf7 35. Bc4 Rf8 36. Bxf7+ Rxf7 37. Bf4 Nd4 38. Qc4 Ne2+ 39. Kf1 Nxf4 40. Qxc5 Nd3 41. Qc8+ Kg7 42. f3 Re7 43. Kg1 Re1+ 44. Kh2 Re7 45. Qd8 1-0

[Event "Split op"]
[Site "Split CRO"]
[Date "2024.08.05"]
[Round "4.1"]
[White "Gal, Andrej"]
[Black "Hansen, Eric"]
[Result "0-1"]
[WhiteElo "2283"]
[BlackElo "2610"]
[PlyCount "96"]
[GameId "2130307540508090"]
[EventDate "2024.08.03"]
[EventType "swiss"]
[EventRounds "10"]
[EventCountry "CRO"]
[SourceTitle "10 Days #768"]
[Source "ChessMix"]
[SourceDate "2024.08.20"]
[SourceVersion "1"]
[SourceVersionDate "2024.08.20"]
[SourceQuality "1"]

1. d4 Nf6 2. c4 e6 3. Nf3 b6 4. g3 Ba6 5. Qa4 Bb7 6. Bg2 c5 7. dxc5 bxc5 8. O-O Be7 9. Nc3 O-O 10. Rd1 Qb6 11. Qc2 d6 12. Bf4 Rd8 13. Rd2 h6 14. Rad1 Ne8 15. e4 Nc6 16. Be3 Bf6 17. a3 Bxc3 18. Qxc3 e5 19. Nh4 a5 20. Nf5 Nd4 21. f4 Nf6 22. Bxd4 cxd4 23. Qd3 g6 24. Ne7+ Kg7 25. fxe5 dxe5 26. Nd5 Bxd5 27. exd5 Ra7 28. Kh1 Ng4 29. Rc1 Qc5 30. Re2 a4 31. Qf3 Ne3 32. Rf2 f5 33. Re2 Rb7 34. h3 Rb3 35. Qf2 Rdb8 36. Rd2 Rc8 37. Re2 Qb6 38. Kh2 Rxc4 39. Rce1 Qd6 40. Kg1 h5 41. Rd2 Qb6 42. Kh1 Qd6 43. Kg1 e4 44. Rxd4 Rxd4 45. Rxe3 Rd1+ 46. Kh2 Rxe3 47. Qxe3 h4 48. Qc3+ Kf7 0-1

[Event "Split op"]
[Site "Split CRO"]
[Date "2024.08.06"]
[Round "5.1"]
[White "Hansen, Eric"]
[Black "Priasmoro, Novendra"]
[Result "1-0"]
[WhiteElo "2610"]
[BlackElo "2503"]
[PlyCount "75"]
[GameId "2130307540508114"]
[EventDate "2024.08.03"]
[EventType "swiss"]
[EventRounds "10"]
[EventCountry "CRO"]
[SourceTitle "10 Days #768"]
[Source "ChessMix"]
[SourceDate "2024.08.20"]
[SourceVersion "1"]
[SourceVersionDate "2024.08.20"]
[SourceQuality "1"]

1. e4 e5 2. Nf3 Nc6 3. Bc4 Nf6 4. d3 Bc5 5. O-O O-O 6. h3 d6 7. c3 a5 8. Re1 h6 9. Nbd2 Ba7 10. Nf1 Ne7 11. Ng3 Ng6 12. Bb3 Bd7 13. d4 Re8 14. Be3 Bc6 15. Bc2 exd4 16. Bxd4 Ne5 17. Nh2 Ned7 18. f4 Nc5 19. Ng4 Ne6 20. Bxa7 Rxa7 21. Nf5 Nxg4 22. Qxg4 Qf6 23. e5 dxe5 24. Rxe5 Raa8 25. Rae1 a4 26. R1e2 Kf8 27. Rf2 g5 28. Nxh6 Nxf4 29. Qxg5 Qxe5 30. Rxf4 Bd5 31. Rf5 Qe1+ 32. Kh2 c6 33. c4 Bxc4 34. Qf4 Qe6 35. Nxf7 Qxf5 36. Bxf5 Bxf7 37. Bg6 Re7 38. Qh6+ 1-0

[Event "Split op"]
[Site "Split CRO"]
[Date "2024.08.07"]
[Round "6.1"]
[White "Rahman, Masruri"]
[Black "Hansen, Eric"]
[Result "1/2-1/2"]
[WhiteElo "2295"]
[BlackElo "2610"]
[PlyCount "86"]
[GameId "2130307540508138"]
[EventDate "2024.08.03"]
[EventType "swiss"]
[EventRounds "10"]
[EventCountry "CRO"]
[SourceTitle "10 Days #768"]
[Source "ChessMix"]
[SourceDate "2024.08.20"]
[SourceVersion "1"]
[SourceVersionDate "2024.08.20"]
[SourceQuality "1"]

1. d4 Nf6 2. Bf4 c5 3. e3 d6 4. Nd2 cxd4 5. exd4 g6 6. Ngf3 Bg7 7. Bc4 O-O 8. O-O Nc6 9. Re1 Bf5 10. c3 Rc8 11. Bb3 Na5 12. Bc2 Bxc2 13. Qxc2 Qd7 14. Bg5 b5 15. Bxf6 Bxf6 16. Ne4 Bg7 17. Qd3 Qb7 18. a4 b4 19. Qb5 Qc7 20. cxb4 Nb3 21. Rad1 Rb8 22. Qd3 Rxb4 23. Nc3 Qb7 24. Qe3 e6 25. d5 e5 26. Nb5 Rd8 27. Nxa7 Rxa4 28. Nc6 Rda8 29. Ng5 f5 30. Ne6 Bf6 31. Qc3 Qb6 32. g3 Kf7 33. Qc2 Ra2 34. Re3 Na1 35. Qc4 Rxb2 36. Re2 Qb3 37. Qxb3 Rxb3 38. Rc1 Raa3 39. Ree1 e4 40. Ncd8+ Ke8 41. Rc8 Bxd8 42. Nxd8 Kd7 43. Rec1 Rb1 1/2-1/2

[Event "Split op"]
[Site "Split CRO"]
[Date "2024.08.09"]
[Round "7.1"]
[White "Hansen, Eric"]
[Black "Palac, Mladen"]
[Result "1/2-1/2"]
[WhiteElo "2610"]
[BlackElo "2460"]
[PlyCount "38"]
[GameId "2130307540512258"]
[EventDate "2024.08.03"]
[EventType "swiss"]
[EventRounds "10"]
[EventCountry "CRO"]
[SourceTitle "10 Days #768"]
[Source "ChessMix"]
[SourceDate "2024.08.20"]
[SourceVersion "1"]
[SourceVersionDate "2024.08.20"]
[SourceQuality "1"]

1. e4 c5 2. Nf3 d6 3. Nc3 Nf6 4. d4 cxd4 5. Qxd4 Nc6 6. Qe3 g6 7. Bc4 Bg7 8. O-O O-O 9. h3 b6 10. Rd1 Nd7 11. Qf4 Nde5 12. Nxe5 Bxe5 13. Qh4 Bxc3 14. bxc3 Be6 15. Bb3 Qd7 16. Bh6 Rfc8 17. Bd5 f6 18. Be3 Bxd5 19. exd5 Ne5 1/2-1/2

[Event "Split op"]
[Site "Split CRO"]
[Date "2024.08.10"]
[Round "9.1"]
[White "Hansen, Eric"]
[Black "Kostov, Deyan Samuil"]
[Result "1-0"]
[WhiteElo "2610"]
[BlackElo "2298"]
[PlyCount "119"]
[GameId "2130307540512306"]
[EventDate "2024.08.03"]
[EventType "swiss"]
[EventRounds "10"]
[EventCountry "CRO"]
[SourceTitle "10 Days #768"]
[Source "ChessMix"]
[SourceDate "2024.08.20"]
[SourceVersion "1"]
[SourceVersionDate "2024.08.20"]
[SourceQuality "1"]

1. e4 c5 2. Nf3 e6 3. d4 cxd4 4. Nxd4 Nc6 5. Nc3 Qc7 6. Qd3 a6 7. Nxc6 bxc6 8. Qg3 Qxg3 9. hxg3 d5 10. g4 Nf6 11. g5 Nd7 12. f3 Bb7 13. Bd2 Bd6 14. O-O-O Ke7 15. Rh3 c5 16. exd5 exd5 17. Rh4 Nb6 18. Bd3 g6 19. Rdh1 c4 20. Bf1 Bg3 21. R4h3 Be5 22. Ne2 d4 23. Bb4+ Ke6 24. f4 Bg7 25. Bc5 d3 26. Re3+ Kd7 27. Bxb6 dxe2 28. Bxe2 Bxg2 29. Rd1+ Kc6 30. Bd4 Rhe8 31. Rxe8 Rxe8 32. Bxc4 Re4 33. Bxg7 Rxc4 34. Be5 Bd5 35. b3 Re4 36. c4 Be6 37. Rd6+ Kb7 38. Kd2 Bg4 39. Kd3 Bf5 40. Kc3 Re2 41. a4 a5 42. Rd5 Rc2+ 43. Kd4 Rd2+ 44. Kc5 Rxd5+ 45. cxd5 Bc2 46. b4 axb4 47. Kxb4 Bd1 48. a5 Be2 49. Kc5 Bd3 50. Kd6 Be4 51. Bd4 Bf3 52. Ke5 Bg2 53. Bb6 Bf3 54. Kd4 Bg2 55. Kc5 Bf3 56. a6+ Kc8 57. Kc6 Bd1 58. a7 Ba4+ 59. Kd6 Kb7 60. Ke7 1-0

[Event "Titled Tuesday 2024.06.04 Late"]
[Site "chess.com INT"]
[Date "2024.06.04"]
[Round "8"]
[White "Slade, Theodore"]
[Black "Hansen, Eric"]
[Result "0-1"]
[WhiteElo "2128"]
[BlackElo "2610"]
[PlyCount "86"]
[GameId "2130307543403671"]
[EventDate "2024.06.04"]
[EventType "swiss (blitz)"]
[EventRounds "11"]
[EventCountry "NET"]
[SourceTitle "The Week in Chess 1544"]
[Source "Mark Crowther"]
[SourceDate "2024.06.10"]
[SourceVersion "1"]
[SourceVersionDate "2024.06.10"]
[SourceQuality "2"]

1. d4 Nf6 2. c4 e6 3. g3 Bb4+ 4. Nd2 O-O 5. Bg2 d5 6. Ngf3 c6 7. O-O a5 8. Qc2 b6 9. a3 Be7 10. e4 h6 11. e5 Nfd7 12. cxd5 cxd5 13. Rd1 Ba6 14. Bf1 Qc8 15. Qxc8 Rxc8 16. Bxa6 Nxa6 17. Nf1 a4 18. Ne3 b5 19. Bd2 Nb6 20. Rdc1 Nc4 21. Nxc4 bxc4 22. Bc3 Rab8 23. Nd2 Rb5 24. f4 Rcb8 25. Kf2 Bd8 26. Rc2 R8b7 27. Rac1 Nb8 28. Ke2 Nc6 29. Rb1 Ba5 30. Bxa5 Nxd4+ 31. Kd1 Nxc2 32. Kxc2 Rxa5 33. Nf3 Rb3 34. Nd4 Rd3 35. Rd1 Rxd1 36. Kxd1 Ra6 37. Kc2 Rb6 38. Ne2 Rb3 39. Nc3 d4 40. Nxa4 Rb5 41. b4 cxb3+ 42. Kb2 f6 43. exf6 gxf6 0-1

[Event "Titled Tuesday 2024.02.27 Late"]
[Site "chess.com INT"]
[Date "2024.02.27"]
[Round "2"]
[White "Ticona Rocabado, Licael Roderick"]
[Black "Hansen, Eric"]
[Result "0-1"]
[WhiteElo "2371"]
[BlackElo "2610"]
[PlyCount "115"]
[GameId "2130307547039704"]
[EventDate "2024.02.27"]
[EventType "swiss (blitz)"]
[EventRounds "11"]
[EventCountry "NET"]
[SourceTitle "The Week in Chess 1530"]
[Source "Mark Crowther"]
[SourceDate "2024.03.04"]
[SourceVersion "2"]
[SourceVersionDate "2024.03.05"]
[SourceQuality "2"]

1. d4 Nf6 2. c4 e6 3. Nf3 b6 4. e3 Bb7 5. Be2 g6 6. O-O Bg7 7. Nc3 O-O 8. b3 Ne4 9. Bb2 Nxc3 10. Bxc3 d6 11. Re1 Nd7 12. Bf1 a5 13. e4 e5 14. dxe5 Re8 15. Qc2 dxe5 16. Rad1 Qe7 17. g3 Nc5 18. Nd2 Rad8 19. Bb2 h5 20. Ba3 Bf8 21. Bg2 Qf6 22. Bxc5 Bxc5 23. Nb1 h4 24. Nc3 c6 25. Qe2 Bd4 26. Rd3 Bxf2+ 27. Qxf2 Qxf2+ 28. Kxf2 Rxd3 29. Na4 Rd2+ 30. Re2 Rxe2+ 31. Kxe2 hxg3 32. hxg3 b5 33. Nc5 Bc8 34. Kd3 Rd8+ 35. Kc3 b4+ 36. Kc2 f6 37. Bf3 Kf7 38. Nd3 Ke7 39. Nf2 Rh8 40. Kd2 Rh2 41. Ke3 Kd6 42. Be2 c5 43. Bf3 Bd7 44. Be2 Kc7 45. Bf3 a4 46. Be2 a3 47. Bf3 Be6 48. Be2 Kd6 49. Bf1 f5 50. Be2 f4+ 51. gxf4 exf4+ 52. Kf3 g5 53. Bf1 Ke5 54. Nd3+ Kd4 55. Nf2 Bd7 56. Bg2 g4+ 57. Nxg4 Bxg4+ 58. Kxg4 0-1

[Event "Titled Tuesday 2024.02.20 Early"]
[Site "chess.com INT"]
[Date "2024.02.20"]
[Round "2"]
[White "Hansen, Eric"]
[Black "Dobrikov, Marco"]
[Result "1-0"]
[WhiteElo "2610"]
[BlackElo "2248"]
[PlyCount "79"]
[GameId "2130307547206768"]
[EventDate "2024.02.20"]
[EventType "swiss (blitz)"]
[EventRounds "11"]
[EventCountry "NET"]
[SourceTitle "The Week in Chess 1529"]
[Source "Mark Crowther"]
[SourceDate "2024.02.26"]
[SourceVersion "1"]
[SourceVersionDate "2024.02.26"]
[SourceQuality "2"]

1. e4 c5 2. Nf3 e6 3. Nc3 Nc6 4. Bb5 Qc7 5. Bxc6 Qxc6 6. O-O b5 7. d4 b4 8. d5 Qb6 9. Na4 Qa5 10. b3 Nf6 11. Re1 Be7 12. Bg5 O-O 13. h3 Qb5 14. c4 Qb8 15. d6 Bxd6 16. e5 Bxe5 17. Nxe5 d6 18. Bxf6 gxf6 19. Qg4+ Kh8 20. Qh4 dxe5 21. Qxf6+ Kg8 22. Re3 e4 23. Rg3+ Qxg3 24. fxg3 Bb7 25. Nxc5 Bc6 26. Nxe6 fxe6 27. Qxe6+ Rf7 28. Qxc6 Raf8 29. Qxe4 Kh8 30. c5 a5 31. c6 Rg7 32. Qe5 Rfg8 33. c7 a4 34. bxa4 b3 35. axb3 h5 36. Rc1 h4 37. c8=Q hxg3 38. Qxg8+ Kxg8 39. Rc8+ Kh7 40. Qh5# 1-0

[Event "Titled Tuesday 2023.10.10 Late"]
[Site "chess.com INT"]
[Date "2023.10.10"]
[Round "11"]
[White "Hansen, Eric"]
[Black "Ticona Rocabado, Licael Roderick"]
[Result "0-1"]
[WhiteElo "2609"]
[BlackElo "2412"]
[PlyCount "112"]
[GameId "2130307553146876"]
[EventDate "2023.10.10"]
[EventType "swiss (blitz)"]
[EventRounds "11"]
[EventCountry "NET"]
[SourceTitle "The Week in Chess 1510"]
[Source "Mark Crowther"]
[SourceDate "2023.10.16"]
[SourceVersion "1"]
[SourceVersionDate "2023.10.16"]
[SourceQuality "2"]

1. a3 a6 2. e4 e6 3. d4 d5 4. Nc3 Nf6 5. e5 Nfd7 6. f4 c5 7. Nf3 Nc6 8. Be3 Qb6 9. Kf2 cxd4 10. Nxd4 Nxd4 11. Bxd4 Bc5 12. Bxc5 Nxc5 13. Qd4 Nd3+ 14. Ke3 Qxd4+ 15. Kxd4 Nxf4 16. Bd3 Nxd3 17. cxd3 Bd7 18. Rhf1 Ke7 19. Rf3 Rhc8 20. Raf1 Be8 21. Rh3 h6 22. Rg3 g6 23. Rh3 h5 24. Rhf3 b5 25. R1f2 a5 26. Ne2 Rc2 27. Nf4 Rac8 28. h4 b4 29. axb4 axb4 30. Ke3 b3 31. Nh3 Rxf2 32. Rxf2 Rc1 33. Ng5 Rh1 34. Nf3 Rc1 35. Nd4 Ba4 36. Nf3 Rh1 37. Ng5 Be8 38. Nf3 Ba4 39. Kd4 Rc1 40. Ng5 Be8 41. Nf3 Rc2 42. Ke3 Rc8 43. Kd4 f6 44. exf6+ Kxf6 45. Ng5+ Ke7 46. Re2 Bd7 47. Rf2 Rc2 48. Rf7+ Kd6 49. Rg7 e5+ 50. Ke3 d4+ 51. Kf3 Bc6+ 52. Kg3 Rxg2+ 53. Kh3 Rxb2 54. Rxg6+ Kc7 55. Rg7+ Kb6 56. Nf7 Rg2 0-1

[Event "EUR-Tch Clubs"]
[Site "Durres ALB"]
[Date "2023.10.04"]
[Round "4.5"]
[White "Hansen, Eric"]
[Black "Ivic, Velimir"]
[Result "1/2-1/2"]
[WhiteElo "2609"]
[BlackElo "2562"]
[PlyCount "67"]
[GameId "2130307553469199"]
[EventDate "2023.10.01"]
[EventType "team"]
[EventRounds "7"]
[EventCountry "ALB"]
[SourceTitle "10 Days #737"]
[Source "ChessMix"]
[SourceDate "2023.10.10"]
[SourceVersion "1"]
[SourceVersionDate "2023.10.10"]
[SourceQuality "1"]
[WhiteTeam "Offerspill Sjakklubb"]
[BlackTeam "Sentimento Ajka BSK"]

1. e4 e5 2. Nf3 Nf6 3. Nxe5 d6 4. Nf3 Nxe4 5. d4 d5 6. Bd3 Bd6 7. O-O O-O 8. Re1 Bf5 9. Nc3 Nxc3 10. bxc3 Bxd3 11. Qxd3 Nd7 12. c4 dxc4 13. Qxc4 h6 14. Qb3 b6 15. c4 c6 16. Bb2 Qc7 17. g3 Rfe8 18. Nh4 Bf8 19. Qf3 g6 20. Qb3 Bg7 21. Nf3 Rad8 22. Rad1 Qb8 23. Bc1 b5 24. Bf4 bxc4 25. Qxc4 Qb7 26. Rxe8+ Rxe8 27. d5 c5 28. h4 a6 29. a4 a5 30. Kg2 Qb4 31. Qc2 Qb7 32. Qc4 Qb4 33. Qc2 Qb7 34. Qc4 1/2-1/2

[Event "EUR-Tch Clubs"]
[Site "Durres ALB"]
[Date "2023.10.05"]
[Round "5.5"]
[White "Hansen, Eric"]
[Black "Anton Guijarro, David"]
[Result "1/2-1/2"]
[WhiteElo "2609"]
[BlackElo "2653"]
[PlyCount "34"]
[GameId "2130307553473364"]
[EventDate "2023.10.01"]
[EventType "team"]
[EventRounds "7"]
[EventCountry "ALB"]
[SourceTitle "10 Days #737"]
[Source "ChessMix"]
[SourceDate "2023.10.10"]
[SourceVersion "1"]
[SourceVersionDate "2023.10.10"]
[SourceQuality "1"]
[WhiteTeam "Offerspill Sjakklubb"]
[BlackTeam "Novy Bor"]

1. e4 c6 2. Nf3 d5 3. d3 Qc7 4. exd5 cxd5 5. c4 Nf6 6. Nc3 e6 7. Be2 Nc6 8. O-O Be7 9. Nb5 Qd8 10. Bf4 O-O 11. Bc7 Qe8 12. Bg3 Qd8 13. Nc7 Rb8 14. Nb5 Ra8 15. Nc7 Rb8 16. Nb5 Ra8 17. Nc7 Rb8 1/2-1/2

[Event "EUR-Tch Clubs"]
[Site "Durres ALB"]
[Date "2023.10.06"]
[Round "6.5"]
[White "Fedoseev, Vladimir3"]
[Black "Hansen, Eric"]
[Result "1/2-1/2"]
[WhiteElo "2691"]
[BlackElo "2609"]
[PlyCount "83"]
[GameId "2130307553477530"]
[EventDate "2023.10.01"]
[EventType "team"]
[EventRounds "7"]
[EventCountry "ALB"]
[SourceTitle "10 Days #737"]
[Source "ChessMix"]
[SourceDate "2023.10.10"]
[SourceVersion "1"]
[SourceVersionDate "2023.10.10"]
[SourceQuality "1"]
[WhiteTeam "Superchess"]
[BlackTeam "Offerspill Sjakklubb"]

1. d4 Nf6 2. c4 e6 3. Nf3 b6 4. g3 Bb4+ 5. Nbd2 Bb7 6. Bg2 O-O 7. O-O a5 8. Nb1 Be7 9. a3 c6 10. Nc3 d5 11. Bf4 Nh5 12. Bc1 Nf6 13. Nd2 Nbd7 14. b3 c5 15. e3 Rc8 16. Bb2 cxd4 17. exd4 Ba6 18. Re1 Nb8 19. cxd5 Nxd5 20. Nxd5 exd5 21. Nf1 Bxf1 22. Kxf1 Bf6 23. Qh5 Nc6 24. Rad1 Ne7 25. Re2 Qd6 26. a4 Rcd8 27. Ra1 Nc6 28. Ba3 Nb4 29. Rd1 g6 30. Qf3 Rfe8 31. Red2 Kg7 32. h4 h5 33. Kg1 Re6 34. Rc1 Rde8 35. Rdd1 Re2 36. Bxb4 Qxb4 37. Qxd5 Re1+ 38. Rxe1 Rxe1+ 39. Rxe1 Qxe1+ 40. Bf1 Qa1 41. Kg2 Qxd4 42. Qxd4 1/2-1/2

[Event "EUR-Tch Clubs"]
[Site "Durres ALB"]
[Date "2023.10.07"]
[Round "7.5"]
[White "Hansen, Eric"]
[Black "Movsesian, Sergei"]
[Result "1/2-1/2"]
[WhiteElo "2609"]
[BlackElo "2606"]
[PlyCount "81"]
[GameId "2130307553477604"]
[EventDate "2023.10.01"]
[EventType "team"]
[EventRounds "7"]
[EventCountry "ALB"]
[SourceTitle "10 Days #737"]
[Source "ChessMix"]
[SourceDate "2023.10.10"]
[SourceVersion "1"]
[SourceVersionDate "2023.10.10"]
[SourceQuality "1"]
[WhiteTeam "Offerspill Sjakklubb"]
[BlackTeam "Asnieres - Le Grand Echiquier"]

1. e4 c6 2. Nf3 d5 3. d3 Nd7 4. exd5 cxd5 5. d4 e6 6. Bf4 Ngf6 7. c3 Nh5 8. Bg5 Qc7 9. Nbd2 h6 10. Be3 Nhf6 11. h3 Be7 12. Bd3 b6 13. a4 Bb7 14. Qc2 a5 15. g4 Bc6 16. O-O-O O-O-O 17. Kb1 Kb8 18. Qb3 Ka7 19. Rc1 Rc8 20. Bb5 g5 21. Rhd1 Rhd8 22. Ne1 Ne8 23. Bf1 Nd6 24. Nc2 Nf6 25. Na3 Qd7 26. Nb5+ Kb7 27. Nf3 Bxb5 28. axb5 Rc4 29. Ne5 a4 30. Qxc4 dxc4 31. Bg2+ Nd5 32. Nxd7 Rxd7 33. Kc2 Nxb5 34. Ra1 a3 35. Bd2 Rd8 36. b3 cxb3+ 37. Kxb3 Rc8 38. Rdc1 Kc7 39. Bf1 Na7 40. c4 Nf4 41. Bxf4+ 1/2-1/2

[Event "Bullet Chess Losers"]
[Site "chess.com INT"]
[Date "2023.07.19"]
[Round "2.1"]
[White "Tang, Andrew"]
[Black "Hansen, Eric"]
[Result "1-0"]
[WhiteElo "2523"]
[BlackElo "2609"]
[PlyCount "111"]
[GameId "2130307557239066"]
[EventDate "2023.07.18"]
[EventType "k.o. (blitz)"]
[EventRounds "6"]
[EventCountry "NET"]
[SourceTitle "The Week in Chess 1498"]
[Source "Mark Crowther"]
[SourceDate "2023.07.24"]
[SourceVersion "2"]
[SourceVersionDate "2023.07.25"]
[SourceQuality "2"]

1. d4 Nf6 2. c4 e6 3. Nc3 Bb4 4. Qc2 d5 5. cxd5 exd5 6. Bg5 c6 7. e3 h6 8. Bh4 Be6 9. Bd3 Nbd7 10. Nge2 O-O 11. O-O Re8 12. Rad1 Bd6 13. f3 Qb8 14. h3 c5 15. Qd2 a6 16. Bb1 b5 17. dxc5 Bxc5 18. Nd4 Qb6 19. Nce2 Rac8 20. Rc1 Be7 21. Nf4 Ne5 22. b3 Ned7 23. Rfd1 Bc5 24. Nfe2 a5 25. Bg3 Ba3 26. Rxc8 Rxc8 27. Nf4 Bc5 28. Kh2 Re8 29. Bf2 Nf8 30. Kg1 N8d7 31. Qc2 Bd6 32. Nd3 Ne5 33. Nf4 Rc8 34. Qb2 Ned7 35. Ndxe6 fxe6 36. Nxe6 Be5 37. Nd4 Re8 38. Qd2 Nf8 39. Nf5 Qe6 40. Rc1 b4 41. Nd4 Qd7 42. Bd3 Rd8 43. Bf5 Qf7 44. Nc6 Re8 45. Nxe5 Rxe5 46. Bb1 Re8 47. Rc6 Ne6 48. Qc2 Qd7 49. Bh4 d4 50. Bxf6 d3 51. Qxd3 Qxc6 52. Qh7+ Kf8 53. Bb2 Qc5 54. Qh8+ Kf7 55. Qh7 Qxe3+ 56. Kh1 1-0

[Event "Bullet Chess Losers"]
[Site "chess.com INT"]
[Date "2023.07.19"]
[Round "2.2"]
[White "Hansen, Eric"]
[Black "Tang, Andrew"]
[Result "0-1"]
[WhiteElo "2609"]
[BlackElo "2523"]
[PlyCount "148"]
[GameId "2130307557239067"]
[EventDate "2023.07.18"]
[EventType "k.o. (blitz)"]
[EventRounds "6"]
[EventCountry "NET"]
[SourceTitle "The Week in Chess 1498"]
[Source "Mark Crowther"]
[SourceDate "2023.07.24"]
[SourceVersion "2"]
[SourceVersionDate "2023.07.25"]
[SourceQuality "2"]

1. e4 e5 2. Nf3 Nc6 3. Bc4 Nf6 4. d3 h6 5. O-O d6 6. Nc3 g5 7. Nd2 Bg7 8. a3 O-O 9. b4 Nd4 10. Ne2 Ne6 11. Bb2 Nf4 12. g3 Nh3+ 13. Kg2 c6 14. Bb3 Re8 15. Ng1 Qd7 16. Ndf3 d5 17. Qe2 dxe4 18. dxe4 Qg4 19. Nxh3 Qxh3+ 20. Kh1 Bg4 21. Qe3 Qh5 22. Ng1 Rad8 23. f3 Be6 24. Bxe6 Rxe6 25. Rad1 Rde8 26. Qxa7 g4 27. Qe3 gxf3 28. Qxf3 Qg6 29. Rde1 Rd6 30. Re2 Red8 31. Qf5 Re6 32. Qxg6 fxg6 33. Kg2 Rde8 34. Nf3 Nd7 35. Rd1 Nb6 36. Nh4 Nc4 37. Bc1 Rf6 38. Rd3 Ref8 39. Rf3 Kh7 40. Rxf6 Bxf6 41. Nf3 Rd8 42. Kf2 Rd1 43. Re1 Rd7 44. Ke2 g5 45. g4 Kg6 46. Rd1 Rf7 47. Rd3 b5 48. h3 Re7 49. Rc3 Kf7 50. a4 Rb7 51. axb5 cxb5 52. Rd3 Ke6 53. Rd5 Nd6 54. Kd3 Nc4 55. Nd2 Nb6 56. Rxb5 Be7 57. Ke2 Rb8 58. Bb2 Nd7 59. Rxb8 Nxb8 60. b5 Bc5 61. c4 Nd7 62. Nf3 Bb6 63. Kd3 Nc5+ 64. Ke3 Na4+ 65. Kd3 Nxb2+ 66. Kc3 Na4+ 67. Kb4 Nc5 68. Nd2 Nd3+ 69. Kc3 Nf4 70. Kb4 Ba5+ 71. Kxa5 Nd3 72. Kb6 Nc5 73. Kxc5 Ke7 74. Kb6 Kf7 0-1

[Event "Bullet Chess Losers"]
[Site "chess.com INT"]
[Date "2023.07.19"]
[Round "2.3"]
[White "Tang, Andrew"]
[Black "Hansen, Eric"]
[Result "0-1"]
[WhiteElo "2523"]
[BlackElo "2609"]
[PlyCount "82"]
[GameId "2130307557239072"]
[EventDate "2023.07.18"]
[EventType "k.o. (blitz)"]
[EventRounds "6"]
[EventCountry "NET"]
[SourceTitle "The Week in Chess 1498"]
[Source "Mark Crowther"]
[SourceDate "2023.07.24"]
[SourceVersion "2"]
[SourceVersionDate "2023.07.25"]
[SourceQuality "2"]

1. d4 Nf6 2. Nf3 e6 3. Bf4 d5 4. e3 Be7 5. Nbd2 O-O 6. Ne5 c5 7. c3 Nc6 8. Bd3 Qb6 9. Rb1 Nd7 10. Qh5 f5 11. g4 Ncxe5 12. dxe5 c4 13. Bc2 Nc5 14. Rg1 Nd3+ 15. Bxd3 cxd3 16. gxf5 exf5 17. Nf3 Rf7 18. Nd4 Bd7 19. Bh6 Bf8 20. Kd2 Re8 21. f4 Qa6 22. a3 Qb6 23. Rg2 Ree7 24. b3 Qa5 25. a4 b5 26. Rbg1 bxa4 27. b4 Qc7 28. e6 Bxe6 29. Qd1 Bd7 30. Qb1 Qb6 31. Qa2 Qxh6 32. Qxd5 Kh8 33. h4 Qb6 34. Nf3 Bc6 35. Qxf7 Rxf7 36. Ne5 Re7 37. Rg5 Rxe5 38. fxe5 g6 39. h5 Bh6 40. R5g3 f4 41. Rh3 fxe3+ 0-1

[Event "Bullet Chess Losers"]
[Site "chess.com INT"]
[Date "2023.07.19"]
[Round "2.4"]
[White "Hansen, Eric"]
[Black "Tang, Andrew"]
[Result "1-0"]
[WhiteElo "2609"]
[BlackElo "2523"]
[PlyCount "111"]
[GameId "2130307557239073"]
[EventDate "2023.07.18"]
[EventType "k.o. (blitz)"]
[EventRounds "6"]
[EventCountry "NET"]
[SourceTitle "The Week in Chess 1498"]
[Source "Mark Crowther"]
[SourceDate "2023.07.24"]
[SourceVersion "2"]
[SourceVersionDate "2023.07.25"]
[SourceQuality "2"]

1. e4 e5 2. Nf3 Nc6 3. Bc4 Bc5 4. d3 Nf6 5. O-O a6 6. Nc3 Ba7 7. a3 h6 8. Nd5 d6 9. b4 Be6 10. Bb2 Bxd5 11. exd5 Ne7 12. Re1 O-O 13. d4 e4 14. Nd2 c6 15. dxc6 bxc6 16. Bxa6 d5 17. Be2 Nf5 18. c3 Bb8 19. Nf1 h5 20. Bxh5 Nxh5 21. Qxh5 g6 22. Qg4 Kg7 23. f3 exf3 24. Qxf3 Rh8 25. c4 Qh4 26. g3 Qh3 27. cxd5 cxd5 28. Rac1 Ra6 29. Qxd5 Rf6 30. Qg2 Ba7 31. Qxh3 Rxh3 32. Kg2 Rh8 33. d5 Bd4 34. Bxd4 Nxd4 35. Rcd1 Nf5 36. Ne3 Nd6 37. Rc1 Rd8 38. Rc6 Nb5 39. Rxf6 Kxf6 40. a4 Nc3 41. a5 Rb8 42. a6 Ra8 43. Ra1 Nb5 44. Nc4 Ke7 45. Nb6 Rd8 46. a7 Nc7 47. a8=Q Nxa8 48. Rxa8 Rd6 49. Nc8+ Kd7 50. Nxd6 Kxd6 51. Re8 f5 52. Re6+ Kxd5 53. Rxg6 Ke5 54. Rg5 Ke4 55. Rh5 f4 56. Rh4 1-0